Southville International School and Colleges
Your cart is empty.
  • Cart
  • Lists
    Public lists Eva Luna New books Lux_list list_1
    Your lists Log in to create your own lists
  • Log in to your account
  • Your cookies
  • Search history
Southville International School and Colleges
  • Advanced search
  • Recent comments
  • Most popular
  • Libraries

Log in to your account

Log in with GOOGLE


If you do not have an external account, but do have a local account, you can still log in:

  1. Home
  2. MARC view: Earth and life science:
Normal view MARC view ISBD view

Earth and life science: (Record no. 354967)

[ view plain ]
MARC details
000 -LEADER
fixed length control field 01464nam a22003377a 4500
003 - CONTROL NUMBER IDENTIFIER
control field SISC
005 - DATE AND TIME OF LATEST TRANSACTION
control field 20180206121339.0
008 - FIXED-LENGTH DATA ELEMENTS--GENERAL INFORMATION
fixed length control field 180206b xxu||||| |||| 00| 0 eng d
050 ## - LIBRARY OF CONGRESS CALL NUMBER
Classification number QE 29
Item number .D877
100 ## - MAIN ENTRY--PERSONAL NAME
Personal name Duka, Ivan Marcelo A.
245 ## - TITLE STATEMENT
Title Earth and life science:
Remainder of title core subject /
Statement of responsibility, etc Ivan Marcelo A. Duka, Leopoldo P. de Silva, Dawn T. Crisologo, Aileen C. dela Cruz, Ma. Genaleen Q. Diaz, Ernesto A. Dizon, Zoraida S. Dizon, Janet S. Estacion, Justin Ray M. Guce, Eddie L. Listanco, Cristina T. Remotigue, Sharon Rose M. Tabugo.
260 ## - PUBLICATION, DISTRIBUTION, ETC. (IMPRINT)
Place of publication, distribution, etc Quezon City:
Name of publisher, distributor, etc Commission on Higher Education,
Date of publication, distribution, etc 2016.
300 ## - PHYSICAL DESCRIPTION
Extent 329 pages:
Other physical details color illustrations;
Dimensions 28 cm.
440 ## - SERIES STATEMENT/ADDED ENTRY--TITLE
Title Teaching guide for senior high school
500 ## - GENERAL NOTE
General note This teaching guide by the Commission on Higher Education is licensed under a Creative Commons Attribution-NonCommercial-ShareAlike 4.0 International License.
650 ## - SUBJECT ADDED ENTRY--TOPICAL TERM
Source of heading or term Library of Congress Subject Headings
Topical term or geographic name as entry element Earth science
650 ## - SUBJECT ADDED ENTRY--TOPICAL TERM
Source of heading or term Library of Congress Subject Headings
Topical term or geographic name as entry element Life science
700 ## - ADDED ENTRY--PERSONAL NAME
Personal name de Silva, Leopoldo
700 ## - ADDED ENTRY--PERSONAL NAME
Personal name Estacion, Janet S.
700 ## - ADDED ENTRY--PERSONAL NAME
Personal name Guce, Justin Ray M.
700 ## - ADDED ENTRY--PERSONAL NAME
Personal name Listanco, Eddie L.
700 ## - ADDED ENTRY--PERSONAL NAME
Personal name Remotigue, Cristina T.
700 ## - ADDED ENTRY--PERSONAL NAME
Personal name Tabugo, Sharon Rose M.
700 ## - ADDED ENTRY--PERSONAL NAME
Personal name Dizon, Zoraida S.
700 ## - ADDED ENTRY--PERSONAL NAME
Personal name Diaz, Ma. Genaleen Q.
700 ## - ADDED ENTRY--PERSONAL NAME
Personal name Dizon, Ernesto A., Jr.
700 ## - ADDED ENTRY--PERSONAL NAME
Personal name Crisologo, Dawn T.
700 ## - ADDED ENTRY--PERSONAL NAME
Personal name dela Cruz, Aileen C.
942 ## - ADDED ENTRY ELEMENTS (KOHA)
Source of classification or shelving scheme Library of Congress Classification
Koha item type Books
Holdings
Withdrawn status Lost status Source of classification or shelving scheme Damaged status Home library Current library Shelving location Date acquired Source of acquisition Sub Shelving location Total Checkouts Full call number Barcode Date last seen Price effective from Koha item type
    Library of Congress Classification   Luxembourg Library Luxembourg Library Teachers Reference Section 02/06/2018 Donation     QE 29 .D877 20493 02/06/2018 02/06/2018 Books

Earth and life science:

APA

Duka I. M. A., de Silva L., Estacion J. S., Guce J. R. M., Listanco E. L., Remotigue C. T., Tabugo S. R. M., Dizon Z. S., Diaz M. G. Q., Dizon E. A. J., Crisologo D. T. & dela Cruz A. C. (2016). Earth and life science. Quezon City: Commission on Higher Education.

Chicago

Duka Ivan Marcelo A, de Silva Leopoldo, Estacion Janet S, Guce Justin Ray M, Listanco Eddie L, Remotigue Cristina T, Tabugo Sharon Rose M, Dizon Zoraida S, Diaz Ma Genaleen Q, Dizon Ernesto A Jr, Crisologo Dawn T and dela Cruz Aileen C. 2016. Earth and life science. Quezon City: Commission on Higher Education.

Harvard

Duka I. M. A., de Silva L., Estacion J. S., Guce J. R. M., Listanco E. L., Remotigue C. T., Tabugo S. R. M., Dizon Z. S., Diaz M. G. Q., Dizon E. A. J., Crisologo D. T. and dela Cruz A. C. (2016). Earth and life science. Quezon City: Commission on Higher Education.

MLA

Duka Ivan Marcelo A, de Silva Leopoldo, Estacion Janet S, Guce Justin Ray M, Listanco Eddie L, Remotigue Cristina T, Tabugo Sharon Rose M, Dizon Zoraida S, Diaz Ma Genaleen Q, Dizon Ernesto A Jr, Crisologo Dawn T and dela Cruz Aileen C. Earth and life science. Quezon City: Commission on Higher Education. 2016.

  • Place hold
  • Print
  • Cite
  • Add to your cart (remove)
  • Save record
    BIBTEX Dublin Core MARCXML MARC (non-Unicode/MARC-8) MARC (Unicode/UTF-8) MARC (Unicode/UTF-8, Standard) MODS (XML) RIS
  • More searches
    Search for this title in:
    Other Libraries (WorldCat) Other Databases (Google Scholar) Online Stores (Bookfinder.com) Open Library (openlibrary.org)

Exporting to Dublin Core...

SOUTHVILLE LIBRARY

Southville International School and Colleges Library

1281 Tropical Ave. Cor. Luxembourg St., BF Homes International, Las Pinas City

Tel. No. 8256374 / 252358 Loc. 117/146

Powered by Koha